000 00641nam a2200205Ii 4500
003 JO-AjNU
008 230605s9999||||xx |||||||||||||| ||und||
040 _aJO-AjNU
_bara
_erda
_cJO-AjNU
041 _aara
050 1 4 _aGV1493 1990
100 3 _aبقلم الجسر، سالم,
_eauthor
_917768
245 0 0 _a تسلية 2
250 _aط1
264 3 1 _aبيروت: شركة المطبوعات للتوزيع والنشر، 1990
300 _a180ص
_b صور توضبحية
336 _atext
_btxt
_2rdacontent
337 _aunmediated
_bn
_2rdamedia
338 _avolume
_bnc
_2rdacarrier
650 4 _aتسلية - العاب
_917769
999 _aA5559
_c9127
_d9127